Critics vs Audience - Who likes that movie? - Statistics

General Stats
  • This quiz has been taken 17 times
  • The average score is 9 of 15
Answer Stats
Question Answer % Correct
Emilia Pérez (2024) Critics
94%
The Super Mario Bros. Movie (2023) Audience
88%
Uncut Gems (2019) Critics
88%
Venom (2018) Audience
82%
Hocus Pocus (1993) Audience
76%
Super Troopers (2002) Audience
76%
Saw (2004) Audience
71%
Hook (1991) Audience
71%
Star Wars: The Last Jedi (2017) Critics
65%
Antz (1998) Critics
65%
Sausage Party (2016) Critics
41%
King Kong (2005) Critics
35%
The Butterfly Effect (2004) Audience
29%
Charlie and the Chocolate Factory (2005) Critics
29%
Spy Kids (2001) Critics
6%
No matching quizzes found
Score Distribution
Percent of People with Each Score
Percentile by Number Answered
Your Score History
You have not taken this quiz